| 000 | 00000nam##2200000za#4500 |
| 001 | 9.698121 |
| 003 | CaOODSP |
| 005 | 20210624235803 |
| 007 | cr ||||||||||| |
| 008 | 150407|1999||||xxc|||||o f|0| 0 eng|d |
| 040 | |aCaOODSP|beng |
| 043 | |an-cn--- |
| 086 | 1 |aRH64-65/1999E-PDF |
| 110 | 1 |aCanada.|bHuman Resources Development Canada. |bStrategic Policy. |
| 245 | 10|aLabour market development agreements - formative evaluation of provincial benefits and measures under the Canada/New Brunswick Labour Market Development Agreement : |h[electronic resource]|bfinal report / |c[by] Canada/New Brunswick LMDA Joint Evaluation Committee. |
| 260 | |aOttawa - Ontario : |bHuman Resources Development Canada. |cJuly 1999. |
| 300 | |a244p.|bfigs., tables |
| 590 | |a13-16-Supp|b2013-07-12 |
| 690 | 07|aFederal provincial agreements|2gcpds |
| 690 | 07|aLabour market|2gcpds |
| 775 | 08|tLes ententes sur le développement du marché du travail - évaluation formative des prestations et mesures provinciales en vertu de l'Entente Canada/Nouveau-Brunswick sur le développement du marché du travail / |w(CaOODSP)9.642114 |
| 856 | 40|ahttp://publications.gc.ca|qPDF|s1.22 MB|uhttps://publications.gc.ca/collections/collection_2013/rhdcc-hrsdc/RH64-65-1999-eng.pdf |
| 986 | |aSP-AH111-07-99E |